000 01478nam a2200325 a 4500
001 ebr10231308
003 CaPaEBR
006 m u
007 cr cn|||||||||
008 810920s1953 mnua sb 001 0 eng d
010 _z 53005940
015 _aGB53-9432
020 _z9780816690251
020 _z9780816662555
040 _aCaPaEBR
_cCaPaEBR
035 _a(OCoLC)234784581
050 1 4 _aQP361
_b.G43 1953eb
082 0 4 _a612.8
100 1 _aGellhorn, Ernst,
_d1893-1973.
245 1 0 _aPhysiological foundations of neurology and psychiatry
_h[electronic resource] /
_cby Ernst Gellhorn.
260 _aMinneapolis :
_bUniv. of Minnesota Press,
_c[c1953]
300 _axiii, 556 p. :
_bill.
504 _aIncludes bibliographical references and index.
505 0 _apt. 1. Intrinsic and extrinsic factors regulating neuronal activity -- pt. 2. Contributions to the physiology and pathology of movements -- pt. 3. The physiological basis of consciousness -- pt. 4. Some aspects of autonomic physiology -- pt. 5. Integrations -- pt. 6. Applications.
533 _aElectronic reproduction.
_bPalo Alto, Calif. :
_cebrary,
_d2013.
_nAvailable via World Wide Web.
_nAccess may be limited to ebrary affiliated libraries.
650 0 _aNervous system.
655 7 _aElectronic books.
_2local
710 2 _aebrary, Inc.
856 4 0 _uhttp://site.ebrary.com/lib/rucke/Doc?id=10231308
_zAn electronic book accessible through the World Wide Web; click to view
999 _c153905
_d153905